000 00493nam a2200205Ia 4500
003 OSt
005 20140426083857.0
008 140130s9999 xx 000 0 und d
020 _a0590062093
050 _aPZ 7
_b.M35672Fs 1992
100 _aMarshall, James
245 _cMarshall, James
_aFox Outfoxed /
260 _bScholastic,
_c1992.
_aNew York :
300 _a48 p. :
_bcol. ill. ;
_c23 cm.
440 _v1
521 _aG1
526 _c120
942 _cBK
_2lcc
999 _c39838
_d39838